|
|
|
|
| LEADER |
01119nam a2200289 u 4500 |
| 001 |
10030718 |
| 003 |
upatras |
| 005 |
20210117210047.0 |
| 008 |
991027s1995 uk eng |
| 020 |
|
|
|a 0521467721
|
| 040 |
|
|
|a GR-PaULI
|c GR-PaULI
|
| 041 |
0 |
|
|a eng
|
| 082 |
0 |
4 |
|a 417.7
|
| 100 |
1 |
|
|a Armstrong, David F.
|9 6562
|
| 245 |
1 |
0 |
|a Gesture and the nature of language
|c David F. Armstrong, William C. Stokoe, Sherman E. Wilcox
|
| 260 |
|
|
|a Cambridge
|b Cambridge University Press
|c 1995
|
| 300 |
|
|
|a ix, 260 p.
|c 22 cm.
|
| 504 |
|
|
|a Includes refernces and index
|
| 650 |
|
4 |
|a Ιστορική γλωσσολογία
|9 2552
|
| 650 |
|
4 |
|a Διαχρονική γλωσσολογία
|9 25296
|
| 700 |
1 |
|
|a Stokoe, William C.
|9 3595
|
| 700 |
1 |
|
|a Wilcox, Sherman E.
|9 154125
|
| 852 |
|
|
|a GR-PaULI
|b ΠΑΤΡΑ
|b ΒΚΠ
|b ΒΣ1
|k ΑΣΧΞ
|h 417.7 A
|m 052209
|p 025000070613
|t 1
|
| 942 |
|
|
|2 ddc
|c BK15
|
| 952 |
|
|
|0 0
|1 0
|4 0
|6 417_700000000000000_A
|7 0
|9 200029
|a LISP
|b LISP
|c BSC
|d 2016-04-24
|i 052209
|l 0
|o 417.7 A
|p 025000070613
|r 2016-04-24 00:00:00
|t 1
|w 2016-04-24
|y BK15
|
| 998 |
|
|
|c ΗΛΙΟΠΟΥΛΟΥ
|d 1999-10
|
| 999 |
|
|
|c 122614
|d 122614
|